| 000 | 01143nam a2200325 a 4500 | ||
|---|---|---|---|
| 003 | CHAP | ||
| 005 | 20220329143647.0 | ||
| 008 | 101124s20055 mx 00010 spa d | ||
| 010 | _a99941 | ||
| 011 | _a100913 | ||
| 020 | _a9680202496 | ||
| 035 | _a111599 | ||
| 040 | _cCHAP | ||
| 090 | _aCD-288 | ||
| 111 | 2 |
_aReunion nacional sobre oregano( _n2 _d: 2005 _cSalaices, Chih.) _996223 |
|
| 245 | 1 | 0 |
_aOregano [Disco compacto] : _baprovechamiento, cultivo e industrialización en México _c/editado por Federico Gómez Lorence ...[et al.] |
| 260 |
_aChapingo, Méx. : _bUACH, _c2005 |
||
| 300 |
_a1 disco compacto ; _c4 3/4 plgs. |
||
| 590 |
_aBATCH-UPD _b10 _c20130110 _lUCH01 _h0942 |
||
| 590 |
_aBATCH-UPD _b10 _c20130410 _lUCH01 _h0558 |
||
| 590 |
_aBATCH-UPD _b10 _c20130914 _lUCH01 _h1549 |
||
| 590 |
_aCONVERSION _b10 _c20130109 _lUCH01 _h1355 |
||
| 650 | 0 | 4 |
_aOrégano _xCultivo. _983624 |
| 650 | 0 | 4 |
_aOrégano _xMercadeo. _983628 |
| 700 | 0 |
_aGómez Lorence, Federico _e, ed. _949784 |
|
| 901 | _aBK | ||
| 942 | _cCD | ||
| 949 |
_aCD-288 _bBC _cCD _d33724002220819 _eCD _i111599 _sb |
||
| 949 |
_aCD-288 _bBC _cCD _d33724002221587 _eCD _fc.2 _i111599 _sb |
||
| 999 |
_c99941 _d99941 |
||